000 00654nam a2200217Ia 4500
003 GCL
008 140319s9999 xx 000 0 ara d
040 _aGCL /
_cGCL
082 0 4 _a296.61
_bل ا
100 1 _aلانداو، ديفيد
245 1 0 _aالاصولية اليهودية العقيدة والقوة /
_cلانداو، ديفيد
700 1 _aمجدى عبدالكريم
260 _a[S.N] :
_bمكتبة مدبولى ،
_c1994
300 _a413 ص
490 _a
650 0 4 _aاليهودية
650 0 4 _aاسرائيل
650 0 4 _aالتلمود
650 0 4 _aحركات الاصلاح والتجديد
942 _2ddc
_cBK
999 _c29261
_d29261